| 000 | 01185nam a2200301 i 4500 | ||
|---|---|---|---|
| 001 | 175667 | ||
| 003 | ES-MaACL | ||
| 005 | 20250825134558.0 | ||
| 007 | t| | ||
| 008 | 101116s1971 sp ||||1| spa d | ||
| 080 | _a050 Nalón, El | ||
| 080 | _a050 Sin nombre, El | ||
| 245 | 0 | 0 |
_aPeriódicos románticos asturianos _b: El Nalón, periódico de literatura, ciencias y artes (1842) y El sin nombre, periódico literario, bastardo, satírico, semi-serio, burlesco y sentimental (1845). |
| 250 |
_aEd. facs. _bdirigida y prologada por J. E. Casariego. |
||
| 260 |
_aLuarca : _bBibliófilos Asturianos, _c1971. |
||
| 300 |
_aXXVIII, 335, [2] p. de lám. bl. y n. ; _c26 cm. |
||
| 490 | 1 |
_aBibliófilos asturianos ; _v1 |
|
| 630 | 0 | 4 |
_aEl Nalón- _vFacsímiles. _9143953 |
| 630 | 0 | 4 |
_aEl sin nombre- _vFacsímiles. _9143954 |
| 650 | 0 | 4 |
_aPrensa- _zEspaña- _yS.XIX. _916359 |
| 655 | 7 |
_2tgfbne _9226495 _aFacsímiles |
|
| 700 | 1 |
_aCasariego, J. E., _d1913-1990 _936176 |
|
| 710 | 2 |
_aAsociación de Bibliófilos Asturianos. _9143952 |
|
| 830 | 0 |
_aBibliófilos asturianos ; _v1 _9223910 |
|
| 852 |
_aES-MaACL _jE-13538 _xOlim P-1508 |
||
| 942 | _2udc | ||
| 999 |
_c175667 _d175667 |
||